Statistics for Green Day Lyrics - Look Ma, No Brains!

Click here to take the quiz!

General Stats

  • This quiz has been taken 22 times
  • The average score is 94 of 201

Answer Stats

Answer% Correct
about
94%
Don't
94%
history
94%
know
94%
much
94%
I
88%
'Cause
82%
how
82%
learned
82%
never
82%
read
82%
to
82%
a
76%
and
76%
I
76%
bed
71%
boy
71%
deviant
71%
Dropout,
71%
got
71%
I'm
71%
in
71%
knucklehead
71%
love
71%
Maybe
71%
shit
71%
terminal
71%
the
71%
vertigo
71%
with
71%
a
65%
and
65%
I
65%
adios
59%
again
59%
boy
59%
comatose
59%
deviant
59%
Dropout
59%
face
59%
going
59%
got
59%
heroin
59%
I'm
59%
in
59%
is
59%
love
59%
Maybe
59%
my
59%
Nonsense
59%
Rude
59%
Sick
59%
Slam
59%
terminal
59%
vertigo
59%
with
59%
I
53%
my
53%
on
53%
a
47%
and
47%
defy
47%
I
47%
Look
47%
ma,
47%
said,
47%
science,
47%
the
47%
ain't
41%
and
41%
away
41%
brains
41%
danced
41%
don't
41%
far
41%
feel
41%
God,
41%
gone
41%
gone,
41%
goner
41%
gonna
41%
got
41%
head
41%
I
41%
I'm
41%
link
41%
lose
41%
lost
41%
ma,
41%
missing
41%
my
41%
no
41%
(Oh)
41%
Oh
41%
pain
41%
skull
41%
think
41%
a
35%
all
35%
and
35%
by
35%
'Cause
35%
(Don't
35%
don't
35%
for
35%
help
35%
here
35%
I
35%
I'm
35%
it's
35%
late
35%
Look
35%
ma,
35%
mama,
35%
my
35%
myself
35%
need
35%
now
35%
Oh,
35%
panic)
35%
said,
35%
special,
35%
stupid,
35%
suicide
35%
to
35%
too
35%
Well
35%
your
35%
ain't
29%
all
29%
and
29%
brains
29%
by
29%
'Cause
29%
don't
29%
feel
29%
go)
29%
goner,
29%
got
29%
grown
29%
help
29%
I'm
29%
myself
29%
need
29%
no
29%
pain
29%
say
29%
special,
29%
up
29%
all
24%
I'm
24%
stupid,
24%
your
24%
with
18%

Score Distribution

Percentile by Number Answered

Percent of People with Each Score

Your Score History

You have not taken this quiz